39 Clues - Statistics

General Stats
  • This quiz has been taken 31 times
  • The average score is 5 of 15
Answer Stats
Hint Answer % Correct
How old is Dan in The Clue Hunt 11
100%
How old is Amy in The Clue Hunt 14
100%
Name who is in the Vesper Council Damien Vesper
41%
Iron Solute
36%
Isabel Kabra
36%
Wyoming
36%
Sinead Starling
32%
Luna Amato
27%
Amber
14%
Mint
14%
Sandy Bancroft
14%
What are the Lucian Clues Blood
9%
Clover
9%
Calcium Carbonate
5%
Salt
5%
No matching quizzes found
Score Distribution
Percent of People with Each Score
Percentile by Number Answered
Your Score History
You have not taken this quiz